00727cam a22002294a 45000010005000000030009000050050017000140080041000310100017000720200034000890400018001230420008001410500022001490820016001711000025001872450073002122600043002853000044003285040064003726000022004366500039004589827BD-DhUAP20200224175957.0200224s2003 maua b 001 0 eng  a 2002075356 a0262134152 (hc. : alk. paper) aDLCcDLCdDLC apcc00aNA2515b.M38 200300a720 MCE2231 aMcEwen, Indra Kagis.10aVitruvius :bwriting the body of architecture /cIndra Kagis McEwen. aCambridge, Mass. :bMIT Press,cc2003. ax, 493 pages :billustrations ;c21 cm. aIncludes bibliographical references (p. 407-476) and index.00aVitruvius Pollio. 0aArchitecturevEarly works to 1800.